[Event "ICS rated bullet match"]
[Site "207.99.83.227"]
[Date "1999.04.01"]
[Round "?"]
[White "JudgeTurpin"]
[Black "Hossa"]
[Result "1-0"]
[WhiteElo "2490"]
[BlackElo "2450"]
[Annotator "Fritz 5.32 (15s)"]
[PlyCount "115"]

1. d4 Nf6 2. c4 g6 3. Nc3 Bg7 4. e4 d6 5. Nf3 Bg4 6. Be3 O-O 7. Be2 Nc6 8. d5 (
8. O-O a5 9. Re1 Re8 10. Rc1 Nd7 11. h3 Bxf3 12. Bxf3 Nb6 13. Nb5 Na7 14. Nxa7
Rxa7 15. Qc2 c6 16. b3 Ra8 17. a3 Nd7 18. b4 Qc7 19. c5 axb4 20. axb4 Ra6 21.
d5 Rea8 22. dxc6 Ra2 23. Qb3 R8a3 24. Qb1 Rb2 25. cxd6 exd6 26. cxd7 Qxd7 27.
Bg4 f5 28. exf5 Rxb1 29. Rxb1 gxf5 30. Bh5 Ra8 31. g4 Rf8 32. gxf5 Qxf5 33. Bg4
Qg6 34. Kh2 h5 35. Be2 Be5+ 36. f4 Bg7 37. Bd2 Kh8 38. Rg1 Qf5 39. Rbf1 Bh6 40.
Bc3+ Kh7 41. Rg3 Bxf4 42. Rxf4 Qxf4 43. Bd3+ Kh6 44. Bg7# {
1-0 Eric,D-Dan,T/Montreal, CAN U18 1997 (44)}) 8... Bxf3 9. Bxf3 Ne5 10. Be2
10... e6 $146 (10... c6 11. O-O (11. f4 Ned7 12. O-O Qa5 13. a3 Rfc8 14. Qd2 a6
15. b4 Qd8 16. Rac1 cxd5 17. cxd5 Nb6 18. Qa2 Rxc3 19. Rxc3 Nfxd5 20. exd5 Bxc3
21. f5 Rc8 22. Bg4 Rc4 23. Qf2 Rxg4 24. fxg6 fxg6 25. Qf7+ 25... Kh8 {
DeCarbonnel Heinz-Lentze Ingo/BL 1983/1-0 (40)}) 11... cxd5 12. exd5 Qc8 13. b3
Neg4 14. Bxg4 Qxg4 15. Bd4 Qxd1 16. Raxd1 a6 17. Rfe1 Rfe8 18. a4 Nd7 19. Bxg7
Kxg7 20. a5 b6 21. axb6 {- Ivkov B-Barlov D/Ch-YUG 1982 (21)}) 11. O-O exd5 12.
cxd5 Qe7 13. f4 $11 (13. Rc1 13... Rfe8 $14) 13... Ned7 14. Qd3 $15 (14. Qb3
Nxe4 15. Nxe4 15... Qxe4 $11) 14... Rae8 {Wird e4 fallen?} 15. Bf3 15... Nxe4 {
Schwarz erhaelt starke Drohungen in der geoeffneten e-Linie} 16. Bxe4 Bxc3 17.
Qxc3 Qxe4 18. Bxa7 Rc8 19. Rad1 b6 20. Rd4 20... Qe2 $14 (20... Qf5 21. Qc4 $11
) 21. Rc4 {Uebt Druck auf den rueckstaendigen Bauern c7 aus} 21... Nc5 (21...
Rfe8 22. Rxc7 Rxc7 23. Qxc7 Qe3+ 24. Kh1 $11) 22. Re1 Qh5 23. b4 23... Rce8 $16
(23... Ra8 $5 24. bxc5 Rxa7 25. cxb6 25... cxb6 $14) 24. bxc5 Qxd5 25. Rxe8 $14
(25. Rc1 Re2 26. Qf3 Qxf3 27. gxf3 27... dxc5 $11) 25... Rxe8 26. Qc2 (26. Qd4
Qa8 27. Rc2 Qxa7 28. cxd6 cxd6 29. Qxd6 b5+ 30. Qc5 30... Qa4 $15) 26... dxc5
27. f5 27... Qe5 {Mit der Mattdrohung Qe1} 28. h3 $2 $19 (28. Qd2 $142 {
ist noch spielbar} 28... Qxf5 29. h3 $11) 28... Qg3 $4 $16 {
wirft den sicheren Gewinn weg} (28... Qe1+ $142 {
und die Waage neigt sich zugunsten von Schwarz} 29. Kh2 29... Re3 $19) 29. Re4
Ra8 30. Qa4 (30. fxg6 hxg6 31. Qe2 Kg7 (31... Rxa7 32. Re8+ Kg7 33. Qb2+ f6 34.
Re7+ Kh6 35. Qxf6 Rxa2 36. Qg7+ Kh5 37. Re5+ Qxe5 38. Qxe5+ Kh6 39. h4 $18) 32.
Qb2+ 32... Kg8 $18) 30... Kf8 (30... gxf5 31. Re7 Qg5 32. Re8+ (32. Rxc7 $2 {
wird widerlegt durch} 32... Qe3+ 33. Kf1 Re8 34. Qxe8+ 34... Qxe8 $19) 32...
Kg7 33. Re2 $11) 31. Qd7 31... Qa3 $4 $18 {fuehrt zu weiterem Ungemach} (31...
Qd6 $142 32. Qxd6+ cxd6 33. Bxb6 33... Rxa2 $16) 32. fxg6 (32. Qc6 $142 {
und Weiss gewinnt} 32... Qc1+ 33. Kh2 gxf5 34. Qxa8+ Kg7 35. Re8 Qf4+ 36. g3
Qd2+ 37. Qg2 $18) 32... hxg6 33. Rf4 $4 $17 {vergibt den sicheren Gewinn} (33.
Qc6 Qc1+ 34. Kh2 $18) 33... Qe3+ (33... Qxa2 34. Kh2 Kg8 35. Ra4 $16) 34. Rf2 {
Droht Matt: Qxf7} 34... Qe7 35. Qa4 35... Qe1+ $11 (35... c4 $5 $17 $142) 36.
Rf1 Qe3+ 37. Kh1 Qe7 38. a3 $17 (38. Rf3 $5 $11 {muss erwogen werden}) 38...
Kg8 39. Qa6 39... Qe4 $4 $16 {danach kann Schwarz alle Traeume begraben} (39...
c6 $142 {sieht noch spielbar aus} 40. Qxb6 Rxa7 41. Qb8+ 41... Kh7 $15) 40. Rd1
$14 (40. a4 $5 $16 $142) 40... c4 41. a4 $11 (41. Rf1 c3 42. a4 42... c2 $19)
41... Qc2 $16 (41... Kg7 $5 $11 $142 {und Schwarz kann noch kaempfen}) 42. Re1
Qd2 43. Rg1 {Weiss erhaelt starke Initiative} (43. Rf1 Qd3 44. Rc1 44... Qd5
$16) 43... Qd7 (43... Qd5 44. Rc1 $16) 44. a5 44... Qa4 $18 (44... bxa5 $5 $142
45. Rb1 45... Qf5 $16) 45. Qb7 Qe8 46. Qxc7 bxa5 47. Bd4 (47. Qxa5 $6 47... Qd7
48. Ra1 48... c3 $14) 47... Qe6 (47... Qe4 48. Rd1 Qe2 49. Rc1 $18) 48. Rc1 (
48. Rf1 {damit wuerde Weiss es sich noch erleichtern} 48... Qd5 49. Qf4 49...
Rd8 $18) 48... a4 (48... Rc8 49. Qf4 Qf5 50. Qh4 $18) 49. Rxc4 (49. Qxc4 Qxc4
50. Rxc4 50... a3 $16) 49... Qe1+ (49... a3 {hilft allerdings auch nicht} 50.
Ra4 Re8 51. Rxa3 $18) 50. Kh2 {Droht entscheidend Qc6} 50... Qe8 (50... Qe6 51.
Bc3 f6 52. Rh4 $18) 51. Bf6 {Mit der Mattdrohung Rh4} 51... Qe6 52. Rxa4 (52.
Qf4 Qb6 53. Re4 Qc5 54. Qg3 Qf5 55. Rf4 Qxf6 56. Rxf6 Re8 57. Ra6 a3 58. Rxa3
Rc8 59. Ra4 Rf8 60. Qe5 f6 61. Qe6+ Kh8 62. Qd7 Rd8 63. Qf7 g5 64. Ra7 Rd7 65.
Ra8+ Rd8 66. Rxd8#) 52... Re8 (52... Qxf6 {bietet noch letzte Rettungschancen}
53. Rxa8+ 53... Kh7 $18) 53. Qf4 Qc6 54. Qh4 Qxf6 (54... Qd6+ {
waere gleichermassen fruchtlos} 55. Rf4 Qxf6 56. Qxf6 g5 57. Qxf7+ Kh8 58. Qh5+
Kg7 59. Qxg5+ Kh7 60. Rh4#) 55. Qxf6 Re2 (55... g5 {holt die Kuh nicht vom Eis}
56. Qxg5+ Kf8 57. Rh4 f6 58. Qxf6+ Kg8 59. Rh8#) 56. Ra8+ Re8 57. Rxe8+ Kh7 58.
Rh8# (58. Qh8#) 1-0

[Event "ICS Rated blitz match"]
[Site "207.99.83.227"]
[Date "1999.04.01"]
[Round "?"]
[White "Hossa"]
[Black "TDChess"]
[Result "0-1"]
[WhiteElo "2413"]
[BlackElo "2521"]
[Annotator "Fritz 5.32 (15s)"]
[PlyCount "144"]

1. e4 e6 2. d4 d5 3. Nc3 Bb4 4. Qg4 Nf6 5. Qxg7 Rg8 6. Qh6 Rg6 7. Qh3 $146 (7.
Qe3 c5 (7... Nxe4 8. Bd3 Rxg2 9. Qh3 Rg6 10. Nge2 Qf6 11. Be3 Nc6 12. Bxe4 dxe4
13. O-O-O Bxc3 14. Nxc3 e5 15. Qxh7 exd4 16. Nd5 Qe5 17. Bxd4 Nxd4 18. Rxd4
Qxd4 19. Nxc7+ Kf8 20. Nxa8 Bg4 21. Qh4 Bf3 22. c3 {
Grabarska,B-Petek Medic,M/EuT-ch (women), Pula CRO 1997/1-0 (39)}) 8. a3 (8.
Bd2 Nc6 9. Bb5 (9. Nf3 cxd4 10. Nxd4 Ng4 11. Qd3 Bc5 12. Nxc6 Bxf2+ 13. Kd1
bxc6 14. Kc1 Bb6 15. Nd1 Qf6 16. Be2 Ne5 17. Qh3 Qg7 18. Re1 d4 19. a4 Rxg2 20.
Ra3 Bd8 21. Kb1 Be7 22. Rb3 22... d3 {
- Yilmaz T-Morovic Fernandez I/Ol 1986 (22)}) 9... Bd7 10. Bxc6 Bxc6 11. e5 Ng4
12. Qf4 cxd4 13. Qxd4 Qb6 14. Qxb6 axb6 15. Nf3 Bc5 16. Nd1 f6 17. exf6 Nxf6
18. Ne5 Rxg2 19. Kf1 Rg8 20. Nxc6 bxc6 21. Rg1 Rxg1+ 22. Kxg1 22... e5 {
Dobrev,V-Brueckner,T/IECG, Cat-M (m/1117/02) 1995/0-1 (49)}) (8. e5 Ng4 9. Qf4
cxd4 10. Be2 Qa5 11. Bxg4 Bxc3+ 12. Kf1 Bb4 13. Bh5 Bd7 14. g4 Bb5+ 15. Kg2 Qc7
16. Bxg6 hxg6 17. h4 Qxc2 18. Nf3 Nc6 19. a3 Bc5 20. b4 Bb6 21. Re1 Bd3 22. Ng5
22... Nd8 {Mirkovic,J-Krawcheni,A/Suncoast AUS 1999/0-1 (46)}) 8... Bxc3+ 9.
bxc3 Nxe4 10. Ne2 Qa5 11. Bd2 cxd4 12. cxd4 Nxd2 13. Qxd2 Qxd2+ 14. Kxd2 h6 15.
Nf4 Rg8 16. Rb1 Ke7 17. Bd3 Nc6 18. c3 Na5 19. Rhe1 Kf8 20. Re3 Bd7 21. Rg3 Rc8
22. Rb4 b6 23. Nh5 Rxg3 24. hxg3 Nc6 25. Rb1 Na5 26. Nf6 Ba4 27. Rb4 Be8 28.
Ng4 Kg7 29. Ne3 f6 30. f4 Bf7 31. Rb1 h5 32. Kc2 Nb7 33. Rh1 f5 34. Ba6 Rc7 35.
Bxb7 Rxb7 36. Kd3 Be8 37. Rb1 b5 38. Nc2 Rc7 39. Nb4 Kf6 40. Re1 Rg7 41. Re3 h4
42. gxh4 Rxg2 43. Nxd5+ exd5 44. Rxe8 Ra2 45. Rb8 Rxa3 46. Rxb5 Ke6 47. h5 Ra1
48. h6 Rh1 49. Ra5 {
1-0 Crosa,M-Guzman Ortiz,C/WCh-Team U-26, Roque Saenz Pena ARG 1997 (49)}) 7...
dxe4 (7... e5 8. Qd3 exd4 9. Qxd4 $11) 8. Nge2 e5 9. Qe3 exd4 10. Nxd4 Qe7 11.
Bd2 Bc5 12. O-O-O $17 (12. h3 $5 $11 {muss geprueft werden}) 12... Qe5 $11 (
12... Ng4 $5 13. Qf4 Bd6 14. Qxe4 Nxf2 15. Qxe7+ Kxe7 16. Re1+ 16... Kf8 $15)
13. Nf3 Qe7 14. Nd4 Ng4 15. Qf4 Bxd4 (15... Bd6 16. Qxe4 Nxf2 17. Qxe7+ Kxe7
18. Re1+ Kf8 19. Bd3 Nxd3+ 20. cxd3 $15) 16. Nd5 Be5 17. Nxe7 Bxf4 18. Nxg6
Bxd2+ 19. Rxd2 hxg6 20. f3 Nf6 21. fxe4 Nxe4 22. Bb5+ c6 23. Re1 cxb5 24. Rxe4+
Be6 25. a3 Nc6 26. Rd5 a6 27. Rd3 Ke7 28. Rde3 g5 29. Re2 a5 30. Rf2 Kd6 31.
Rd2+ Bd5 32. Rg4 f6 33. a4 (33. h4 gxh4 34. Rxh4 34... Rg8 $17) 33... b4 34. c4
bxc3 35. bxc3 Kc5 36. Rb2 Ne5 37. Rd4 Bc6 38. Rf2 Bxa4 39. Rxf6 Bd7 40. Rh6 (
40. Rfd6 Bc6 41. Rf6 41... Re8 $17) 40... Rf8 41. Rh7 41... Bc6 {
Schwarz erlangt Initiative} 42. Re7 (42. Rh5 Rf1+ 43. Rd1 Rxd1+ 44. Kxd1 44...
Nf7 $19) 42... Rf1+ 43. Kc2 (43. Kd2 Nc4+ 44. Ke2 44... Rc1 $19) 43... Re1 (
43... Nc4 {ginge schneller} 44. Rg4 Kd6 45. Re2 Ba4+ 46. Kd3 Rd1+ 47. Ke4 $19)
44. g3 Be4+ 45. Kb3 Nf3 46. Rc7+ (46. Rexe4 $4 {
Weiss kann den Laeufer nicht nehmen} 46... Rxe4 47. Rxe4 Nd2+ 48. Ka4 48...
Nxe4 $19) 46... Kb6 47. Rdd7 Nxh2 48. Rc8 Bc6 49. Rh7 (49. Rd3 {
aendert nichts am Ausgang der Partie} 49... Ng4 $19) 49... Nf1 50. Rg7 Re5 51.
g4 Ne3 52. Ka3 Rc5 53. Kb2 Nxg4 54. Rd8 (54. Rcg8 {aendert nichts mehr} 54...
Nf6 55. Rf8 55... Ne4 $19) 54... a4 55. Re7 (55. Kc2 {hilft auch nicht mehr}
55... Ne3+ 56. Kd3 56... Nd1 $19) 55... Ka5 (55... Rb5+ {
waere im Gewinnsinne praeziser} 56. Ka1 $19) 56. Rb8 Rb5+ 57. Ka2 Re5 58. Rg7 (
58. Rxe5+ {kann das Vorangegangene nicht ungeschehen machen} 58... Nxe5 59. Rf8
59... Bd7 $19) 58... Ne3 59. Ra8+ (59. Kb2 {
aendert den traurigen Lauf der Dinge nicht} 59... Nc4+ 60. Ka2 60... Kb6 $19)
59... Kb5 60. Rc8 (60. Kb2 {aendert nichts mehr} 60... Kc4 61. Rc8 a3+ 62. Ka2
Rb5 63. Rxb7 Rxb7 64. Rxc6+ Kd3 65. Rd6+ Kxc3 66. Rc6+ 66... Nc4 $19) 60... Nd1
61. c4+ (61. Ka3 {aendert nichts am Ausgang der Partie} 61... Nxc3 62. Rcg8 Re2
63. Rxg5+ Bd5 64. Rxd5+ 64... Nxd5 $19) 61... Kb4 {Es droht Matt} 62. Kb1 Nc3+
63. Kc2 a3 64. Ra8 a2 65. Rxa2 65... Nxa2 {Droht Matt} 66. Kd3 Nc1+ 67. Kc2 {
Mit Rf7 waere Weiss nun aus dem Groebsten heraus} 67... Ba4+ 68. Kd2 68... Re2+
$1 {ein unangenehmes Schach} 69. Kxc1 Kc3 70. Re7 Rxe7 71. Kb1 Bb3 72. Ka1 (72.
Kc1 {macht keinen grossen Unterschied} 72... Re1#) 72... Re1# 0-1

[Event "ICS Rated blitz match"]
[Site "207.99.83.227"]
[Date "1999.04.01"]
[Round "?"]
[White "Hossa"]
[Black "totoff"]
[Result "1-0"]
[WhiteElo "2410"]
[BlackElo "2070"]
[PlyCount "66"]

1. e4 e6 2. Nf3 c5 3. Bb5 a6 4. Be2 Nc6 5. O-O Qc7 6. d3 Nf6 7. Nc3 Be7 8. d4
cxd4 9. Nxd4 d6 10. Nxc6 bxc6 11. Bf4 e5 12. Bg5 O-O 13. Qd3 Bb7 14. Rad1 Rfd8
15. Qg3 Kh8 16. Bc4 Kg8 17. Bh6 g6 18. Bg5 Rd7 19. Qh4 Kg7 20. Rd3 d5 21. Qh6+
Kg8 22. Bxf6 Bxf6 23. exd5 cxd5 24. Nxd5 Bxd5 25. Bxd5 Rad8 26. c4 e4 27. Rh3
Bxb2 28. Qxh7+ Kf8 29. Rh4 Re7 30. Rg4 Bg7 31. Rxg6 Rxd5 32. Rxg7 Ke8 33. cxd5
33... Kd7 {totoff resigns} 1-0

[Event "ICS Rated blitz match"]
[Site "207.99.83.227"]
[Date "1999.04.01"]
[Round "?"]
[White "totoff"]
[Black "Hossa"]
[Result "0-1"]
[WhiteElo "2066"]
[BlackElo "2414"]
[PlyCount "42"]

1. e4 c5 2. Nf3 Nc6 3. Bb5 a6 4. Bxc6 dxc6 5. d3 Bg4 6. Nbd2 Nf6 7. h3 Bh5 8.
g4 Bg6 9. Qe2 e6 10. a4 Be7 11. a5 O-O 12. Nc4 Nd7 13. h4 f5 14. exf5 exf5 15.
g5 Re8 16. Nfe5 Nxe5 17. Nxe5 Qd5 18. O-O Bxg5 19. Bxg5 Rxe5 20. Qd2 Qd4 21. b3
21... Qg4+ {totoff resigns} 0-1

[Event "ICS rated blitz match"]
[Site "207.99.83.227"]
[Date "1999.04.01"]
[Round "?"]
[White "Hossa"]
[Black "TDChess"]
[Result "0-1"]
[WhiteElo "2418"]
[BlackElo "2507"]
[Annotator "Crafty v16.6"]
[PlyCount "83"]

{annotating for player Hossa using a scoring margin of +0.10 pawns. search
time limit is 12.00} 1. e4 1... e6 2. Nf3 d5 3. exd5 exd5 4. Bb5+ c6 5. Be2 Nf6
6. O-O Bd6 7. d3 O-O 8. Bg5 h6 9. Be3 Ng4 10. Bc1 ({9:-0.16} 10. Bc1 10... Qc7
11. h3 Nh2 12. Re1 Nxf3+ 13. Bxf3 Bf5 14. Bg4 Bxg4 15. Qxg4 15... Nd7 $10) ({
9:-0.04} 10. Bd2 10... Re8 11. Nc3 Na6 12. Rc1 Nc5 13. h3 Ne5 14. Re1 $10)
10... Qc7 11. h3 Nf6 12. Be3 Re8 13. Re1 Na6 14. d4 ({9:-0.15} 14. d4 14... Bf5
15. Nh4 Bd7 16. Nf3 Ne4 17. Nbd2 Nb4 18. Nxe4 18... Rxe4 $10) ({9:-0.04} 14.
Nc3 14... Bf4 15. Bd4 Qd8 16. Rb1 Be6 17. g3 Bd6 18. Bf1 $10) 14... Qb6 15. b3
Bf5 16. Bd3 Bxd3 17. Qxd3 Ne4 18. c4 dxc4 19. bxc4 Qa5 20. Bxh6 Nb4 21. Bd2
Nxd3 22. Bxa5 Nxe1 23. Bxe1 Re7 24. h4 Rd8 25. Ba5 b6 26. Bc3 Rde8 27. a3 f6
28. Bb4 c5 29. Bc3 Nxc3 30. Nxc3 cxd4 31. Nb5 Rd7 32. Nbxd4 Re4 33. Nb5 Bc5 34.
Rc1 a6 35. Nc3 Rxc4 36. Ne1 Bxa3 37. Rc2 Rdc7 38. Nb1 Rxc2 39. Nxc2 Bd6 40.
Nba3 Rc3 41. Nb5 axb5 42. Ne3 0-1

[Event "ICS Rated blitz match"]
[Site "207.99.83.227"]
[Date "1999.04.01"]
[Round "?"]
[White "Fallen-Star"]
[Black "Hossa"]
[Result "1-0"]
[WhiteElo "2234"]
[BlackElo "2406"]
[Annotator "Crafty v16.6"]
[PlyCount "85"]

{annotating for player Hossa using a scoring margin of +0.10 pawns. search
time limit is 12.00} 1. d4 1... Nf6 2. Nf3 e6 3. Bg5 Be7 4. Nbd2 O-O 5. e4 d5
6. Bxf6 Bxf6 7. e5 Be7 8. Bd3 b6 ({9:-0.16} 8... b6 9. O-O c5 10. c3 Nc6 11.
Qc2 Kh8 12. Rac1 12... Bb7 $10) ({9:+0.11} 8... c5 9. dxc5 Nd7 10. b4 Qc7 11.
Qe2 a5 12. c3 axb4 13. cxb4 $10) 9. O-O c5 10. c3 Nc6 11. Re1 Nb8 ({9:-0.40} 
11... Nb8 12. Qc2 Kh8 13. dxc5 bxc5 14. Bxh7 c4 15. Rad1 Nd7 16. Nd4 $14) ({
9:-0.04} 11... Bb7 12. dxc5 Bxc5 13. Qc2 Kh8 14. Nb3 Be7 15. Rad1 Rc8 16. Qd2
$10) 12. Nf1 Ba6 ({9:-0.26} 12... Ba6 13. Bxa6 Nxa6 14. Qd3 Nc7 15. Ne3 cxd4
16. cxd4 Rc8 17. Rac1 17... Qd7 $10) ({9:-0.07} 12... Nc6 13. Qc2 Kh8 14. Ng3
cxd4 15. cxd4 Nb4 16. Qe2 Nxd3 17. Qxd3 17... Bb7 $10) 13. Bc2 Nc6 14. a3 cxd4
({7:-0.01} 14... cxd4 15. Nxd4 Rc8 16. Qh5 g6 17. Nxc6 Rxc6 18. Qh6 18... Bc4
$10) ({7:+0.17} 14... Qd7 15. Ne3 Rac8 16. Bd3 Bb7 17. Rc1 cxd4 18. cxd4 $10)
15. cxd4 Rc8 16. Ng3 Bc4 17. Qd2 Na5 18. Qf4 Bb3 19. Bd3 Nc4 20. Re2 Kh8 21.
Nh5 Qe8 22. Qg4 Rg8 23. Nf4 g5 24. Nh5 Qd8 25. Rae1 b5 26. Ng3 b4 27. Qh5 Rg7
28. h3 bxa3 29. bxa3 Bxa3 30. Nh2 Qf8 31. Ng4 Nb2 32. Bb1 Bd1 33. Nf6 Bxe2 34.
Nxe2 Qb4 35. Rf1 Nd3 36. Bxd3 g4 37. Bxh7 Rg5 38. Qxg5 gxh3 39. Bg8 h2+ 40.
Kxh2 Bc1 41. Rxc1 Qf8 42. Qh5+ Kg7 43. Qh7# 1-0

[Event "ICS Rated blitz match"]
[Site "207.99.83.227"]
[Date "1999.04.01"]
[Round "?"]
[White "JudgeTurpin"]
[Black "Hossa"]
[Result "1-0"]
[WhiteElo "2490"]
[BlackElo "2383"]
[Annotator "Crafty v16.6"]
[PlyCount "96"]

{annotating for player Hossa using a scoring margin of +0.10 pawns. search
time limit is 12.00} 1. d4 1... Nf6 2. c4 g6 3. Nc3 Bg7 4. e4 d6 5. f3 O-O 6.
Be3 e5 7. Nge2 exd4 8. Nxd4 Bd7 ({8:-0.01} 8... Bd7 9. Be2 Nc6 10. O-O Nxd4 11.
Bxd4 Re8 12. Nd5 Rc8 13. Nxf6+ 13... Bxf6 $10) ({8:+0.10} 8... Nh5 9. Qd2 Bd7
10. Bg5 Nf6 11. Bh6 Bxh6 12. Qxh6 12... Nc6 $10) 9. Bd3 Nc6 10. Qd2 Nh5 ({
8:-0.14} 10... Nh5 11. Nxc6 Bxc6 12. O-O-O Qd7 13. Bh6 Bxh6 14. Qxh6 Ba4 15.
Nxa4 15... Qxa4 $10) ({8:+0.01} 10... Nxd4 11. Bxd4 c5 12. Be3 Qe7 13. O-O Qe5
14. Bf4 Qd4+ 15. Qe3 $10) 11. Nxc6 Bxc6 12. O-O Qh4 ({8:-0.41} 12... Qh4 13.
Nd5 Bxd5 14. cxd5 Rac8 15. Qf2 Qf6 16. Rab1 Nf4 17. Bxf4 Qxf4 18. Qxa7 $14) ({
8:-0.30} 12... Bd7 13. Be2 Re8 14. Bh6 Bxh6 15. Qxh6 Qh4 16. Nd5 16... Rac8 $10
) 13. Nd5 Bxd5 14. cxd5 c5 15. dxc6 bxc6 16. Rac1 c5 17. Bc4 Rad8 18. g4 Nf6
19. Bg5 Nxe4 20. Bxd8 Nxd2 21. Bxh4 Bxb2 22. Be7 Rc8 23. Bxd6 Bxc1 24. Rxc1
Nxf3+ 25. Kf2 Ng5 26. Re1 Rd8 27. Bxc5 Rd2+ 28. Kg3 Rc2 29. Re8+ Kg7 30. Bd4+
f6 31. Bb3 Rd2 32. Re7+ Kf8 33. Bc5 Rd3+ 34. Kg2 Rc3 35. Ba3 Rxb3 36. axb3 h5
37. Rxa7+ Kg8 38. Bb2 Ne4 39. gxh5 gxh5 40. Kf3 Nd2+ 41. Kf4 Nxb3 42. Bxf6 Nc5
43. Kg5 Ne6+ 44. Kf5 Nf4 45. Kxf4 Kf8 46. Kf5 h4 47. h3 Ke8 48. Ke6 Kf8 1-0

[Event "ICS Rated blitz match"]
[Site "207.99.83.227"]
[Date "1999.04.01"]
[Round "?"]
[White "Hossa"]
[Black "TDChess"]
[Result "1-0"]
[WhiteElo "2372"]
[BlackElo "2522"]
[PlyCount "127"]

1. e4 e6 2. Nf3 d5 3. exd5 exd5 4. Bb5+ c6 5. Be2 Nf6 6. O-O Bd6 7. d3 O-O 8.
Bg5 h6 9. Be3 Ng4 10. Bc1 Qc7 11. h3 Nh2 12. Re1 Nxf3+ 13. Bxf3 Na6 14. Nc3 d4
15. Ne2 Rd8 16. Bd2 Be6 17. Qc1 Bh2+ 18. Kh1 Be5 19. Bf4 f6 20. Bxe5 fxe5 21.
Ng1 Bf7 22. Be4 Nc5 23. Qd2 Nxe4 24. Rxe4 Bd5 25. Rg4 Kh7 26. Re1 Bxa2 27. b3
Qb6 28. Qe2 Rd5 29. Nf3 Re8 30. Qe4+ Kh8 31. Qg6 Re7 32. Nxe5 Kg8 33. Ree4 Qc7
34. Nf7 Rxf7 35. Re8+ Rf8 36. Qe6+ Qf7 37. Rf4 Qxe6 38. Rfxf8+ Kh7 39. Rh8+ Kg6
40. Rxe6+ Kf7 41. Rhe8 Rb5 42. R6e7+ Kf6 43. Re1 Rc5 44. R8e6+ Kf7 45. R6e2 a6
46. f4 Rc3 47. Rd2 Bxb3 48. cxb3 Rxb3 49. Ra1 Rb5 50. Rdd1 Kg6 51. Rdb1 Kf5 52.
Rxb5+ cxb5 53. g3 Kf6 54. Rc1 Ke6 55. Rc7 g5 56. Rxb7 gxf4 57. gxf4 Kf5 58.
Rf7+ Ke6 59. Rf8 a5 60. Rb8 Kf5 61. Rxb5+ Kxf4 62. Rxa5 Ke3 63. Rh5 Kd2 64.
Rxh6 {TDChess resigns} 1-0

[Event "ICS Rated blitz match"]
[Site "207.99.83.227"]
[Date "1999.04.01"]
[Round "?"]
[White "Hossa"]
[Black "JudgeTurpin"]
[Result "0-1"]
[WhiteElo "2395"]
[BlackElo "2510"]
[Annotator "Crafty v16.6"]
[PlyCount "103"]

{annotating for player Hossa using a scoring margin of +0.10 pawns. search
time limit is 12.00} 1. e4 1... e5 2. Nf3 Nf6 3. Nc3 d6 4. d4 Nbd7 5. Bc4 Be7
6. O-O ({8:+0.22} 6. O-O 6... O-O 7. Qd3 c5 8. dxe5 Nxe5 9. Nxe5 dxe5 10. Nd5
10... Bg4 $10) ({8:+1.06} 6. Ng5 6... d5 7. Nxd5 Nxd5 8. Bxd5 Bxg5 9. Qh5 g6
10. Qxg5 Qxg5 11. Bxg5 11... exd4 $16) 6... O-O 7. Bg5 c6 8. Kh1 ({7:-0.13} 8.
Kh1 8... Nb6 9. Bb3 Ng4 10. Qd2 Bxg5 11. Nxg5 exd4 12. Nxf7 Rxf7 13. Bxf7+ Kxf7
14. Qxd4 $10) ({7:+0.14} 8. dxe5 8... Nxe5 9. Be2 Ne8 10. Be3 Bg4 11. Nxe5 Bxe2
12. Qxe2 12... dxe5 $10) 8... Nb6 9. dxe5 ({8:-0.49} 9. dxe5 9... Nxc4 10. exf6
Bxf6 11. Bxf6 Qxf6 12. Qc1 Bg4 13. Ng5 $15) ({8:-0.13} 9. Bb3 9... Ng4 10. Qd2
Bxg5 11. Nxg5 exd4 12. Nxf7 Rxf7 13. Bxf7+ Kxf7 14. Qxd4 $10) 9... Nxc4 10.
exf6 Bxf6 11. Bxf6 Qxf6 12. Qc1 Bg4 13. Nd2 Be6 14. Nf3 b5 15. a4 b4 16. Na2
Bg4 17. Qg5 Qxg5 18. Nxg5 h6 19. Nf3 f5 20. Nd4 fxe4 21. Nxc6 Nd2 22. Rfe1 b3
23. Nc3 bxc2 24. Rac1 Rxf2 25. Nxe4 Nxe4 26. Rxe4 Raf8 27. Ree1 Be2 28. Nb4 Bd1
29. h3 a5 30. Nc6 Rf1+ 31. Rxf1 Rxf1+ 32. Kh2 Kf7 33. Nxa5 Rf4 34. b3 Rb4 35.
Kg3 d5 36. Kf2 Ke6 37. Nc6 Re4 38. g4 Kd6 39. Na7 Re2+ 40. Kf1 d4 41. b4 d3 42.
Nb5+ Ke7 43. Nc3 d2 44. Rxc2 Re1+ 45. Kf2 Bxc2 46. a5 Be4 47. h4 Rc1 48. Ke3
Rxc3+ 49. Kxd2 Rd3+ 50. Ke1 Kd6 51. b5 Kc5 52. b6 0-1

[Event "ICS rated blitz match"]
[Site "207.99.83.227"]
[Date "1999.04.01"]
[Round "?"]
[White "KillerGrob"]
[Black "Hossa"]
[Result "1-0"]
[WhiteElo "2734"]
[BlackElo "2384"]
[Annotator "Crafty v16.6"]
[PlyCount "63"]

{annotating for player Hossa using a scoring margin of +0.10 pawns. search
time limit is 12.00} 1. e4 1... c5 2. Nf3 Nc6 3. d4 cxd4 4. Nxd4 Qb6 5. Nb3 Nf6
6. Nc3 e6 7. Bd3 Bb4 8. O-O Bxc3 9. bxc3 Qc7 10. Ba3 Ne5 11. Nd4 Neg4 12. g3 a6
13. c4 d6 ({8:-0.61} 13... d6 14. Nb3 Ne5 15. c5 d5 16. exd5 Nxd3 17. Qxd3
17... Nxd5 $14) ({8:-0.34} 13... Ne5 14. Qd2 d6 15. Qb4 Nxd3 16. cxd3 e5 17.
Qa4+ Bd7 18. Nb5 Bxb5 19. cxb5 $14) 14. Be2 Nh6 ({8:-0.81} 14... Nh6 15. Nb3
Nxe4 16. Qd4 f5 17. Bh5+ Kd8 18. Rfd1 18... Nf7 $16) ({8:-0.41} 14... h5 15.
Re1 O-O 16. Nb3 Rd8 17. Qd4 e5 18. Qd3 $14) 15. Nb3 Nxe4 ({9:-1.11} 15... Nxe4
16. Qd4 f5 17. Bh5+ Kd8 18. Rad1 Rf8 19. Bxd6 Nxd6 20. Qxd6+ Qxd6 21. Rxd6+ $16
) ({9:-0.96} 15... Qc6 16. f3 O-O 17. Qxd6 Qxd6 18. Bxd6 Rd8 19. Be7 Rd7 20.
Bxf6 gxf6 21. Rad1 $16) 16. Qd4 Nf6 17. Bxd6 Qd8 18. Bd3 b6 19. c5 b5 20. c6
Nhg8 21. Nc5 Qa5 22. Nb7 Bxb7 23. cxb7 Rd8 24. a4 bxa4 25. Rab1 e5 26. b8=Q Nd7
27. Bc7 Qxc7 28. Qxc7 exd4 29. Rfe1+ Ne7 30. Rxe7+ Kxe7 31. Re1+ Kf6 32. Qf4#
1-0

[Event "ICS Rated blitz match"]
[Site "207.99.83.227"]
[Date "1999.04.01"]
[Round "?"]
[White "Hossa"]
[Black "nimraz"]
[Result "1-0"]
[WhiteElo "2376"]
[BlackElo "2201"]
[PlyCount "73"]

1. e4 c5 2. Bc4 e6 3. Nc3 a6 4. a4 Qc7 5. Nf3 b6 6. O-O Bb7 7. d4 cxd4 8. Qxd4
Nf6 9. Bg5 Bc5 10. Qd3 Ng4 11. h3 h5 12. hxg4 hxg4 13. Nh4 Nc6 14. Qd2 Ne5 15.
Be2 f5 16. exf5 Nf3+ 17. Bxf3 gxf3 18. fxe6 dxe6 19. Rae1 fxg2 20. Rxe6+ Kf7
21. Rfe1 Raf8 22. Re7+ Bxe7 23. Rxe7+ Qxe7 24. Bxe7 Kxe7 25. Ng6+ Kf7 26. Nxh8+
Rxh8 27. Qd7+ Kf8 28. Qd8+ Kf7 29. Qxh8 Bf3 30. Qh3 Bc6 31. Qc8 Bf3 32. Qf5+
Ke8 33. Qxf3 Kd8 34. Qa8+ Kd7 35. Qb7+ Kd8 36. Nd5 Ke8 37. Qe7# {
nimraz checkmated} 1-0

[Event "ICS Rated blitz match"]
[Site "207.99.83.227"]
[Date "1999.04.01"]
[Round "?"]
[White "JUNIORE"]
[Black "Hossa"]
[Result "0-1"]
[WhiteElo "2265"]
[BlackElo "2385"]
[PlyCount "70"]

1. d4 Nf6 2. c4 g6 3. Nc3 Bg7 4. e4 d6 5. Nf3 Bg4 6. Be2 O-O 7. O-O Nc6 8. Be3
e5 9. d5 Ne7 10. Nd2 Bxe2 11. Qxe2 Qd7 12. c5 Nc8 13. Rac1 Kh8 14. Qb5 c6 15.
dxc6 bxc6 16. Qa4 Ng4 17. Bg5 f6 18. Bh4 g5 19. Bg3 Rb8 20. Rfd1 f5 21. Nc4 f4
22. f3 fxg3 23. fxg4 gxh2+ 24. Kh1 Qxg4 25. cxd6 Rxb2 26. Ne3 Qd7 27. Ncd5 Nxd6
28. Qxc6 Qxc6 29. Rxc6 Nxe4 30. Kxh2 Rxa2 31. Rdc1 h5 32. Rc7 Nf2 33. Rb7 Ra4
34. Rcc7 Rh4+ 35. Kg3 35... Nh1# {JUNIORE checkmated} 0-1